000 00582nam a2200193Ii 4500
003 JO-AjNU
008 230605s9999||||xx |||||||||||||| ||und||
040 _aJO-AjNU
_bara
_erda
_cJO-AjNU
041 _aara
050 1 4 _aQD31.K43 1986
100 3 _aخوري ، ادوار,
_eauthor
_915044
245 0 0 _aموجز الكيمياء العامة، ج1
264 3 1 _aدمشق:مطبعة رياض ، 1986
300 _aج1، 157ص
336 _atext
_btxt
_2rdacontent
337 _aunmediated
_bn
_2rdamedia
338 _avolume
_bnc
_2rdacarrier
650 4 _aالكيمياء
_915045
999 _aA4156
_c7724
_d7724